LDR 00685naa#a2200181#i#450# 001 EN\\bibl\121912 005 20260429234038.3 011 ## _a2072-9502 100 ## _a20260427b2026####ek#y0engy0150####ca 102 ## _aRU 200 1# _aStructure of the quality control system for IT projects based on the simulation and neural network modeling integration _eJournal article 210 1# _aAstrakhan _cAstrakhan State Technical University _d2026 215 ## _a9 с. 608 ## _aJournal article _2local 675 ## _aCистемы управления базами данных (СУБД). 004.65 _z 700 #1 _aShevchenko _gVictor Dmitrievich 700 #1 _aKhanova _gAnna Alekseevna 856 4# _avestnik.astu.org _u